Adventures, facts, and fantasy in darkest England /

Bibliographic Details
Main Author: Shah, Idries, 1924-1996
Format: Book
Language:English
Published: London : Octagon Press, 1987.
Subjects:

MARC

Tag First Indicator Second Indicator Subfields
LEADER 00000cam a2200000 a 4500
001 in00000015788
005 20151007052612.0
008 880318s1987 enk 00010 eng d
010 |a  88672365  
020 |a 086304039X :  |c £8.95 
035 |a (OCoLC)16533788 
035 |9 AAA8468AM 
040 |a MH  |c HLS  |d TXA  |d UtOrBLW 
043 |a e-uk-en 
049 |a TXAM  |c [A12608976] 
050 1 0 |a DA118  |b .S49x 1987 
050 4 |a DA118  |b .S49 1987 
100 1 |a Shah, Idries,  |d 1924-1996. 
245 1 0 |a Adventures, facts, and fantasy in darkest England /  |c by Idries Shah. 
264 1 |a London :  |b Octagon Press,  |c 1987. 
300 |a 346 pages ;  |c 24 cm. 
336 |a text  |b txt  |2 rdacontent 
337 |a unmediated  |b n  |2 rdamedia 
338 |a volume  |b nc  |2 rdacarrier 
650 0 |a National characteristics, English. 
651 0 |a England  |x Civilization  |y 20th century. 
740 0 |a Darkest England. 
999 |a MARS 
999 f f |s 99c05559-52b4-3466-ad05-2fcd47e76a05  |i ba694414-09c2-396e-afb0-69f17a61cd49  |t 0 
952 f f |p ric  |a Texas A&M University  |b Rellis Campus  |c Joint Library Facility  |d Remote Storage  |t 0  |e DA118 .S49 1987  |h Library of Congress classification  |i unmediated -- volume  |m A14812608976 
998 f f |a DA118 .S49 1987  |t 0  |l Remote Storage